One Piece - RageBait #2 - Statistiques

Statistiques générales
  • Ce quiz a été pris 68 fois
  • Le résultat moyen est 5 sur 26
Statistiques - réponses
Enoncé Réponse Adéquate % Correct
Ener Ener
82%
Personnage des chapeau de pailles plus fort que brook Luffy, Zoro, Sanji, Usopp, Nami, Robin, Chopper, Franky, Jinbe, Brook
64%
Meilleur Ener
33%
Meilleur Antagoniste de One Piece Ener
31%
Meilleur Antagoniste Ener
29%
Futur femme de Luffy Boa Hancock
27%
Meilleur Antagoniste de One Piece ( toujours ) Ener
27%
Futur femme de Sanji Nami
27%
Vous ne savez pas quoi dire ? Ener
25%
Futur Mari de Kozuki Hiyori Roronoa Zoro
22%
Se personnage devrait porter la volonté de D Ener
18%
Si Luffy adhérait à un parti politique LFI
18%
Se personnage ne porte pas non plus la volonté du D Ener
16%
Meilleur forme de Luffy Snake Man
15%
Pire forme de Luffy Tank Man
13%
Truc dans One Piece Des Pirates
7%
Fruit du démon Logia ( il n'existe pas ) Fulguro - fruit
5%
truc qui existe pas que dans One Piece Des Pirates
4%
Meilleur jeux vidéo Valorant
4%
Premier mot que Kaido prononce lors de sa première apparition Ce
2%
Meilleur carte de Clash Royale Extracteur d'elexir
2%
Meilleur restaurant dans One Piece Faim de loup
2%
Se personnage ne porte pas la volonté du D Gaimon
2%
Meilleur endroit pour regarder One Piece Sur l'A42 entre Lyon et Villeurbanne
2%
Truc pas dans One Piece Une Aston Martin Vantage F1 édition Finition en aluminium et siège en cuir
2%
A prendre en cours avec Lechowski Une Calculatrice
2%
Aucun quiz correspondant
Distribution des résultats
% des personnes avec chaque résultat
Percentile par nombre de réponses
Votre historique - résultats
Vous n’avez pas pris ce quiz